00811cam a22002171a 450000100100000000500170001000800410002704000250006808200150009324500990010826000340020730000210024144000250026250400210028765100570030865000420036574000460040791000070045395201180046099900150057800000239320200929150207.0840207s1969 na 001 0 dut  aDO-SdBNPbspacBNPHU annnbS187v00aSambumbu :bvolkskunde van Curacao, Aruba en Bonaire /cschrijver en uitgever, Paul Brenneker. aCuracao :bBrenneker,c1969-. a304 p. ;c14 cm. 0aSambumbu;vv.197597 aIncluye índice 0aNetherlands AntillesxSocial Life And Customs.97598 0aFolklorezNetherlands Antilles.975990 aVolkskunde van Curacao, Aruba en Bonaire. aDC 001052708MOaGRbGRcCTd2009-09-14iLF1l0onnn S187vp2393-10r2020-06-25w2020-06-25y2ZPréstamo interno c2231d2231